00762nam a22001697a 4500008004100000020001500041050001500056100002100071245005600092260003400148300003100182500002000213505029400233650001200527700002900539700002400568120612t xxu||||| |||| 00| 0 eng d a0072340525 aHG4026.R67 aRoss, Stephen A. aEssentials of corporate finance. /cStephen A. Ross aBoston:bMcGraw- Hill,c2001. avii, 574 p.:bill.;c26cm. aIncludes index. aContents: Overview of financial management -- Understanding financial statements and cash flow -- Valuation of future cash flows -- Valuing stocks and bond -- Capital budgeting -- Risk and return -- Long-term financing -- Short-term financial management -- Topics in finance -- Appendices. aFinance aWeaterfield, Randolph W. aJordan, Bradford D.